000 00500nam a2200181Ia 4500
008 240925s9999 xx 000 0 und d
020 _a835961621
082 _a621.31042 ELH
100 _aEl-Hawary, M.E.
245 0 _aPrinciples of Electric Machines with Power Electronic Applications
250 _aNA
260 _aLondon:
_bPrentice, Hall
_c,1986.
300 _axiv,368p.
_bNA
_fOriginal
500 _aIncludes Index
600 _aElectronic Engineering
650 _aTechnology
942 _cBK
999 _c4122
_d4122